History Quiz

Random History or Biography Quiz
Score 0/15 Timer 04:00
1 Play Today
Question Answer Wrong Answers
Who did Donald Trump defeat in the 2016 election to become the US President? Hillary Clinton
98.5%
Bernie Sanders
0.5%
Barack Obama
0.7%
John McCain
0.2%
What did Donald Trump specifically say he wanted to build on the border with Mexico? A Wall
96.3%
A Hotel
0.3%
A Golf Course
0.3%
A Statue of Himself
0.3%
What was Donald Trump's campaign slogan? Make America Great Again
95.7%
Make America Good Again
1.1%
Make America Safe Again
0.8%
Make America Big League Again
0.2%
Who was his running mate and Vice President? Mike Pence
94.3%
Tim Kaine
1.6%
Jeb Bush
1.1%
Chris Christie
0.5%
Which reality TV show did Donald Trump star in? The Apprentice
91.6%
The Real World
2.2%
Dancing with the Stars
1.2%
Shark Tank
1.4%
Complete the title of the Donald Trump book....'The Art of the ____' Deal
91.4%
Meal
0.5%
Seal
0.7%
World
3.2%
In which US state was he born? New York
86.9%
Texas
3.7%
Florida
4.2%
New Mexico
1.1%
What number in the US Presidential line is he? 45th
79.2%
43rd
1.6%
44th
4.4%
46th
11.7%
In which decade was he born? 1940s
72.6%
1930s
4.2%
1950s
15.9%
1960s
3%
Which presidential record has Donald Trump set? Oldest first-time US President
69.6%
Heaviest US President
3.6%
Tallest US President
2.9%
First divorced US President
18.6%
What does the initial 'J' stand for in his name? John
66.8%
Jack
2.9%
James
24.8%
Judas
1.6%
How many children does he currently have? 5
59.4%
2
3%
3
12.6%
4
20.5%
His mother immigrated to the US from what UK constituent country? Scotland
57.2%
England
13.7%
Northern Ireland
11.1%
Wales
13%
His wife, Melania, was born in which modern day European country? Slovenia
56.4%
Lithuania
8.5%
Latvia
10.4%
Slovakia
19.6%
Which university did Donald Trump attend? Pennsylvania
51.6%
Harvard
17.2%
Michigan
7.5%
Princeton
19%
Remove Ads.
Support Sporcle.
Get the best of Sporcle when you Go Orange. This ad-free experience offers more features, more stats, and more fun while also helping to support Sporcle. Thank you for becoming a member.

You're not logged in!

Compare scores with friends on all Sporcle quizzes.
OR
Log In

Show Comments

Extras

Top Quizzes Today


Score Distribution

Your Account Isn't Verified!

In order to create a playlist on Sporcle, you need to verify the email address you used during registration. Go to your Sporcle Settings to finish the process.

Report this User

Report this user for behavior that violates our Community Guidelines.

Details: